الثعابين / (رقم التسجيلة. 33933)

تفاصيل مارك
000 -LEADER
fixed length control field 00642nam a22002057a 4500
005 - DATE AND TIME OF LATEST TRANSACTION
control field 20251108165903.0
008 - FIXED-LENGTH DATA ELEMENTS--GENERAL INFORMATION
fixed length control field 250721s1992 xx 000 0 ara d
082 14 - DEWEY DECIMAL CLASSIFICATION NUMBER
Classification number ط/591/هخت
100 1# - MAIN ENTRY--PERSONAL NAME
Personal name هخت، يسي .م
245 10 - TITLE STATEMENT
Title الثعابين /
250 ## - EDITION STATEMENT
Edition statement ط6
264 1# - PRODUCTION, PUBLICATION, DISTRIBUTION, MANUFACTURE, AND COPYRIGHT NOTICE
Place of production, publication, distribution, manufacture القاهرة :
Name of producer, publisher, distributor, manufacturer الجمعية المصرية لنشر المعرفة و الثقافة العالمية،
Date of production, publication, distribution, manufacture, or copyright notice 1992.
300 ## - PHYSICAL DESCRIPTION
Extent 116ص
490 0# - SERIES STATEMENT
Series statement كل شيئ عن ؛ 20
650 17 - SUBJECT ADDED ENTRY--TOPICAL TERM
Topical term or geographic name as entry element الثعابين
653 ## - INDEX TERM--UNCONTROLLED
Uncontrolled term ناشئون صغار (10-14)سنة
700 1# - ADDED ENTRY--PERSONAL NAME
Personal name كامل، عبد الحليم
Relator term ترجمة
942 ## - ADDED ENTRY ELEMENTS (KOHA)
Source of classification or shelving scheme Dewey Decimal Classification
Koha item type كتب
المقتنيات
حالة السحب حالة الفقدان مصدر التصنيف حالة التلف غير قابل للإعارة المكتبة الرئيسية المكتبة الحالية موقع الرف تاريخ التزويد الرقم المتسلسل Total Checkouts رقم الإستدعاء تاريخ آخر ظهور تاريخ الفاتورة نوع المادة (كوها) الباركود
    Dewey Decimal Classification Unchecked   مكتبة البشائر للأطفال مكتبة البشائر للأطفال الإعارة 28/07/2025 359438   ط/591/هخت 28/07/2025 28/07/2025 كتب  
    Dewey Decimal Classification Unchecked   مكتبة البراءة للأطفال مكتبة البراءة للأطفال الأطفال 28/07/2025 339442   ط/591/هخت 28/07/2025 28/07/2025 كتب  
    Dewey Decimal Classification     مكتبة البراءة للأطفال مكتبة البراءة للأطفال الأطفال 20/05/2015 1598782   ط/591/هخت 28/07/2025 20/05/2015 كتب PLD00325411
    Dewey Decimal Classification     مكتبة النصر العامة مكتبة النصر العامة الأطفال 19/04/2015 339450   ط/591/هخت 28/07/2025 19/04/2015 كتب PLD00384775
Implemented & Customized by: BBB with SCIT (Smart Chains for Information Technology)

Powered by Koha